000
00252nam a22001097a 4500
999
_c
167072
_d
167072
082
_a
_b
100
_a
Prabhakar Machwe
245
_a
Maithileesaran Gupta/
_c
by Prabhakar Machwe.
260
_a
New Delhi:
_b
Rajpal,
_c
1993.
650
_a
942
_c
BK